[Event "COL-ch U20"]
[Site "Cali"]
[Date "2024.02.29"]
[Round "2"]
[White "Madrid Blandon, Luis Felipe"]
[Black "Escobar, Daniel"]
[Result "1-0"]
[WhiteElo "1504"]
[BlackElo "1464"]
[PlyCount "53"]
[EventDate "2024.02.28"]
[EventType "swiss"]
[EventRounds "9"]
[EventCountry "COL"]
[SourceTitle "CBM 219 Extra"]
[Source "ChessBase"]
[SourceDate "2024.05.31"]
[SourceVersion "1"]
[SourceVersionDate "2024.05.31"]
[SourceQuality "1"]

1. e4 c5 2. Nf3 g6 3. Bc4 Nc6 4. Nc3 Bg7 5. d3 d6 6. Be3 a6 7. a4 Bg4 8. Bxf7+ Kxf7 9. Ng5+ Ke8 10. Qxg4 Nh6 11. Qh3 Bxc3+ 12. bxc3 Nf7 13. Nxf7 Kxf7 14. 0-0 Qc8 15. Qf3+ Ke8 16. d4 c4 17. d5 Ne5 18. Qe2 Rf8 19. Bd4 Qc7 20. Rab1 Nd7 21. Rb4 Rc8 22. Rfb1 Qa5 23. Qg4 Rc7 24. Rxb7 Rxb7 25. Rxb7 Qxa4 26. h3 Qxc2 27. Qxd7+ 1-0

[Event "COL-ch U20"]
[Site "Cali"]
[Date "2024.02.28"]
[Round "1"]
[White "Perez Tangarife, Simon"]
[Black "Madrid Blandon, Luis Felipe"]
[Result "1-0"]
[WhiteElo "1745"]
[BlackElo "1504"]
[PlyCount "99"]
[EventDate "2024.02.28"]
[EventType "swiss"]
[EventRounds "9"]
[EventCountry "COL"]
[SourceTitle "CBM 219 Extra"]
[Source "ChessBase"]
[SourceDate "2024.05.31"]
[SourceVersion "1"]
[SourceVersionDate "2024.05.31"]
[SourceQuality "1"]

1. c4 e5 2. Nc3 Nf6 3. g3 Bc5 4. Bg2 0-0 5. Nf3 Nc6 6. 0-0 d6 7. e3 h6 8. d3 a6 9. a3 Bd7 10. b4 Ba7 11. Bb2 Qc8 12. Re1 Bh3 13. Bh1 Qd7 14. Rc1 Rfe8 15. Qc2 Ne7 16. c5 dxc5 17. Nxe5 Qe6 18. Ne2 c6 19. Nf4 Qc8 20. bxc5 Bf5 21. e4 Bh7 22. Qc4 Rf8 23. d4 Bb8 24. d5 Nd7 25. d6 Nxe5 26. Bxe5 Ng6 27. Nxg6 Bxg6 28. f4 Kh8 29. f5 Bh5 30. Qd4 f6 31. Bf4 Qd7 32. Qe3 Ba7 33. h3 Be8 34. e5 fxe5 35. Bxe5 Rxf5 36. Qxh6+ Kg8 37. Qd2 Bg6 38. g4 Rf7 39. Qg5 Bh7 40. h4 Raf8 41. h5 b6 42. h6 g6 43. Be4 Qe6 44. Bf5 Qa2 45. d7 bxc5 46. d8Q Rxd8 47. Qxd8+ Rf8 48. Qe7 Rf7 49. Qe8+ Rf8 50. Be6+ 1-0